Language Quiz

Random Language or Easter Quiz
Score 0/88 Timer 07:00
0 Plays Today
Number of letters Word % Correct
3 Letterstea
92.9%
4 Letterseast
91.8%
3 Letterseat
90.9%
3 Lettersrat
87.3%
3 Letterssea
87.2%
3 Letterssat
84%
3 Lettersres
82.2%
4 Lettersstar
81.9%
4 Lettersteas
80.9%
3 Lettersate
78.8%
4 Letterstear
76.8%
4 Lettersseat
76.6%
3 Letterstar
76.1%
3 Lettersear
74.7%
4 Lettersrest
74.3%
3 Letterssee
73.6%
3 Lettersare
73%
3 Letterstas
71.7%
3 Lettersset
70%
4 Lettersrate
69.3%
5 Letterssteer
68.7%
3 Letterstee
68.7%
5 Letterstease
67.9%
5 Lettersstare
67.6%
3 Lettersart
67.6%
3 Lettersras
66%
4 Lettersrats
60.6%
5 Letterstears
60.2%
3 Lettersret
60%
4 Letterseats
59.1%
Number of letters Word % Correct
5 Lettersrates
58%
4 Letterssear
57.4%
3 Lettersree
56.1%
4 Lettersears
55.3%
3 Lettersars
55.3%
6 Lettersteaser
54.2%
4 Lettersarts
54%
4 Letterssate
53.7%
3 Lettersera
53.6%
4 Letterstree
52.9%
3 Lettersser
52.6%
4 Lettersseer
52%
4 Letterstare
51.3%
4 Lettersease
51%
4 Letterstars
49.9%
5 Lettersaster
48%
4 Letterstees
47.7%
4 Letterstase
46.4%
5 Letterstrees
45.9%
6 Letterseaster
45.5%
3 Lettersere
45%
6 Lettersseater
42.1%
4 Letterseras
42%
4 Lettersares
38.7%
3 Lettersest
38.3%
5 Letterstares
38.2%
4 Lettersrase
36.4%
3 Lettersers
36.3%
5 Letterseater
35.4%
3 Letterstae
35%
Number of letters Word % Correct
3 Letterssae
34.2%
4 Lettersrees
33.3%
4 Lettersrets
32.9%
3 Letterseta
31.8%
4 Lettersates
28.5%
4 Letterstes
24.3%
6 Letterseaters
23.2%
5 Letterserase
22.3%
5 Lettersreset
22.1%
5 Lettersterse
22.1%
5 Lettersester
20.5%
4 Letterssere
19.4%
4 Lettersetas
17.5%
5 Letterseaser
17.1%
6 Lettersreseat
15.8%
4 Lettersrete
14.3%
4 Letterssera
13.6%
5 Lettersstere
11.6%
4 Letterserst
11.6%
5 Lettersresat
10.6%
4 Lettersseta
10.3%
4 Letterstsar
10%
5 Lettersarete
4.4%
5 Lettersreest
3.8%
5 Lettersteres
3.8%
6 Lettersaretes
3.4%
5 Letterssaree
1.9%
5 Letterssetae
1.4%

You're not logged in!

Compare scores with friends on all Sporcle quizzes.
OR
Log In

Sporcle TV

Today on Sporcle TV


Watch our educational content, quiz creation guides, and fun videos on Sporcle TV.

Show Comments

Extras

Top Quizzes Today


Score Distribution

Paid Content

Your Account Isn't Verified!

In order to create a playlist on Sporcle, you need to verify the email address you used during registration. Go to your Sporcle Settings to finish the process.

Report this User

Report this user for behavior that violates our Community Guidelines.

Details: